header

Iron metabolism (Record no. 78252)

MARC details
000 -LEADER
fixed length control field 01596nam a2200385 a 4500
082 04 - DEWEY DECIMAL CLASSIFICATION NUMBER
Classification number 616.3/99
245 10 - TITLE STATEMENT
Title Iron metabolism
260 ## - PUBLICATION, DISTRIBUTION, ETC. (IMPRINT)
Place of publication Amsterdam :
Name of publisher Elsevier/Excerpta Medica/North-Holland ;
Place of publication New York :
Name of publisher Elsevier/North-Holland,
Year of publication 1977.
300 ## - PHYSICAL DESCRIPTION
Number of Pages viii, 391 p. :
Other physical details ill.
490 1# - SERIES STATEMENT
Series statement Ciba Foundation symposium (new series) ;
500 ## - GENERAL NOTE
General note "Symposium on Iron Metabolism held at the Ciba Foundation, London, 7-9th December, 1976"--Participants page.
650 #0 - SUBJECT ADDED ENTRY--TOPICAL TERM
Topical Term Iron
Topical Term Iron
Topical Term Iron proteins
856 40 - ELECTRONIC LOCATION AND ACCESS
Uniform Resource Identifier http://site.ebrary.com/lib/rucke/Doc?id=10575635

No items available.

© 2026 Rongo University
Contact us: librarian | system librarian | Rongo university